000
00233nmm a2200085Ia 4500
008
220120s9999||||xx |||||||||||||||||und||
100
_a
IT
_9
10698
245
0
_a
Web Browser ; Fun stuft, utilities, your softqware , grafic
260
_c
2005
999
_c
138583
_d
138583